[Event "Titled Tuesday intern op 06th May Early"]
[Site "Chess.com INT"]
[Date "2025.05.06"]
[Round "3"]
[White "Arun, Siddharth"]
[Black "Hansch, Karsten"]
[Result "1-0"]
[WhiteElo "1993"]
[BlackElo "2196"]
[PlyCount "51"]
[EventDate "2025.05.06"]
[EventType "swiss (blitz)"]
[EventRounds "11"]
[EventCountry "USA"]
[SourceTitle "CB20_2025"]
[SourceDate "2025.05.14"]
[SourceVersion "1"]
[SourceVersionDate "2025.05.14"]
[SourceQuality "1"]

1. d4 Nf6 2. Nc3 g6 3. Bf4 Bg7 4. Qd2 0-0 5. Bh6 c5 6. Bxg7 Kxg7 7. d5 a6 8. e4 b5 9. f3 d6 10. g4 Nbd7 11. h4 Ne5 12. Be2 h5 13. g5 Ne8 14. Nd1 e6 15. Ne3 exd5 16. Nxd5 Be6 17. f4 Ng4 18. Bxg4 Bxg4 19. Ne3 Qe7 20. Nxg4 hxg4 21. 0-0-0 Qxe4 22. h5 b4 23. Ne2 Nc7 24. Qxd6 Qxe2 25. Qf6+ Kg8 26. hxg6 1-0

[Event "Titled Tuesday intern op 06th May Early"]
[Site "Chess.com INT"]
[Date "2025.05.06"]
[Round "8"]
[White "Arun, Siddharth"]
[Black "Hoang, Thi Bao Tram"]
[Result "0-1"]
[WhiteElo "1993"]
[BlackElo "2170"]
[PlyCount "86"]
[EventDate "2025.05.06"]
[EventType "swiss (blitz)"]
[EventRounds "11"]
[EventCountry "USA"]
[SourceTitle "CB20_2025"]
[SourceDate "2025.05.14"]
[SourceVersion "1"]
[SourceVersionDate "2025.05.14"]
[SourceQuality "1"]

1. d4 Nf6 2. Nc3 g6 3. Bf4 Bg7 4. Qd2 c5 5. d5 h6 6. e4 d6 7. f3 a6 8. a4 b6 9. g4 Nbd7 10. Bg2 Ne5 11. Bxe5 dxe5 12. h3 Bb7 13. Nge2 Qd7 14. 0-0 0-0 15. f4 exf4 16. Nxf4 Qc7 17. Nd3 Rad8 18. Rae1 Nd7 19. Qf4 Qxf4 20. Nxf4 Ne5 21. Nce2 b5 22. axb5 axb5 23. b3 b4 24. Nd3 Nxd3 25. cxd3 Ba6 26. Rd1 Be5 27. Bf3 e6 28. Kg2 Rd6 29. d4 cxd4 30. Nc1 Bxf1+ 31. Kxf1 Bg7 32. Nd3 exd5 33. exd5 Rb8 34. Rc1 Ra6 35. Rc4 Ra3 36. d6 Rxb3 37. d7 Rc3 38. Rxc3 bxc3 39. Bb7 Bf6 40. Bc8 Kf8 41. Ke2 Ke7 42. Nf4 Rb5 43. Kd3 Kd8 0-1

[Event "Titled Tuesday intern op 06th May Early"]
[Site "Chess.com INT"]
[Date "2025.05.06"]
[Round "7"]
[White "Kambrath, Yannick"]
[Black "Arun, Siddharth"]
[Result "1-0"]
[WhiteElo "2389"]
[BlackElo "1993"]
[PlyCount "107"]
[EventDate "2025.05.06"]
[EventType "swiss (blitz)"]
[EventRounds "11"]
[EventCountry "USA"]
[SourceTitle "CB20_2025"]
[SourceDate "2025.05.14"]
[SourceVersion "1"]
[SourceVersionDate "2025.05.14"]
[SourceQuality "1"]

1. e4 c5 2. Nf3 Nc6 3. Bb5 g6 4. c3 Bg7 5. d4 cxd4 6. cxd4 e5 7. d5 Qa5+ 8. Nc3 Nd4 9. Bd3 d6 10. h3 Bd7 11. 0-0 Ne7 12. Nd2 f5 13. Nc4 Qc7 14. Be3 b5 15. Nd2 a6 16. Bxd4 exd4 17. Ne2 0-0 18. Nb3 Qb6 19. exf5 Nxf5 20. Bxf5 Bxf5 21. Nexd4 a5 22. Nxf5 Rxf5 23. Rc1 Raf8 24. Rc6 Qa7 25. Qe2 a4 26. Nc1 Bd4 27. Nd3 Rxd5 28. Qe6+ Qf7 29. Qxf7+ Rxf7 30. g4 Bc5 31. Nxc5 dxc5 32. Kg2 c4 33. Rb6 Kg7 34. Kg3 h5 35. f4 Rd3+ 36. Kh4 hxg4 37. hxg4 Rf8 38. Rxb5 Rd4 39. Kg5 Rf7 40. Ra5 Rb7 41. Rxa4 Rb5+ 42. f5 gxf5 43. gxf5 Rd2 44. Ra7+ Kf8 45. Kg6 Rg2+ 46. Kf6 Rb6+ 47. Ke5 Rgxb2 48. Rh1 R2b5+ 49. Kd4 Rb7 50. Rxb7 Rxb7 51. Kxc4 Ra7 52. Rh2 Ra3 53. Rf2 Kf7 54. Kb4 1-0

[Event "Titled Tuesday intern op 06th May Early"]
[Site "Chess.com INT"]
[Date "2025.05.06"]
[Round "1"]
[White "Le, Minh Hoang"]
[Black "Arun, Siddharth"]
[Result "0-1"]
[WhiteElo "2213"]
[BlackElo "1993"]
[PlyCount "110"]
[EventDate "2025.05.06"]
[EventType "swiss (blitz)"]
[EventRounds "11"]
[EventCountry "USA"]
[SourceTitle "CB20_2025"]
[SourceDate "2025.05.14"]
[SourceVersion "1"]
[SourceVersionDate "2025.05.14"]
[SourceQuality "1"]

1. e4 c5 2. Nf3 Nc6 3. Bb5 g6 4. 0-0 Bg7 5. c3 e5 6. d4 cxd4 7. cxd4 exd4 8. Bf4 d6 9. Na3 Nge7 10. Nc4 0-0 11. Nxd6 Bg4 12. h3 Bxf3 13. Qxf3 Qb6 14. Bc4 Na5 15. Rab1 Nxc4 16. Nxc4 Qa6 17. b3 Qe6 18. Rfd1 Rfd8 19. e5 Nc6 20. Bg5 Rd5 21. Bf6 Nxe5 22. Bxe5 Bxe5 23. Re1 f6 24. Qe4 Qd7 25. f4 Bc7 26. Rbd1 Rd8 27. Rd3 b5 28. Nd2 Ba5 29. Re2 Bxd2 30. Rexd2 Re8 31. Qf3 f5 32. Kh2 Re4 33. Rc2 Qd6 34. g3 Rc5 35. Rcd2 b4 36. h4 Kg7 37. Qf2 Rd5 38. Rc2 Qe7 39. Kh3 h6 40. Rcd2 Qd6 41. Rc2 Qe7 42. Rcd2 Qd6 43. Rd1 Qd7 44. Rc1 g5 45. Rc4 g4+ 46. Kg2 a5 47. Rc2 Qe6 48. Rcd2 Qd6 49. Qf1 Re3 50. Rc2 Rxd3 51. Qxd3 Qd7 52. Re2 Rc5 53. Kf2 Rc3 54. Qa6 d3 55. Rd2 Rc2 0-1

[Event "Titled Tuesday intern op 06th May Early"]
[Site "Chess.com INT"]
[Date "2025.05.06"]
[Round "4"]
[White "Palczert, Matyas"]
[Black "Arun, Siddharth"]
[Result "1-0"]
[WhiteElo "2404"]
[BlackElo "1993"]
[PlyCount "69"]
[EventDate "2025.05.06"]
[EventType "swiss (blitz)"]
[EventRounds "11"]
[EventCountry "USA"]
[SourceTitle "CB20_2025"]
[SourceDate "2025.05.14"]
[SourceVersion "1"]
[SourceVersionDate "2025.05.14"]
[SourceQuality "1"]

1. b3 e5 2. Bb2 d6 3. c4 g6 4. d4 exd4 5. Qxd4 f6 6. Nc3 Bg7 7. g3 Nc6 8. Qd2 Nge7 9. Bg2 0-0 10. Nf3 Be6 11. e4 Bf7 12. 0-0 h6 13. Nd5 Ne5 14. Nxe5 fxe5 15. f4 Nxd5 16. cxd5 Qe7 17. fxe5 Bxe5 18. Bxe5 Qxe5 19. Qxh6 Rae8 20. Rae1 Qd4+ 21. Kh1 Qg7 22. Qc1 Re5 23. Qxc7 Rh5 24. Qxd6 Qh6 25. h4 g5 26. Qxh6 Rxh6 27. e5 gxh4 28. e6 hxg3+ 29. Kg1 Bh5 30. d6 Rxf1+ 31. Rxf1 Rxe6 32. Bd5 Bf7 33. Rxf7 Kxf7 34. d7 Ke7 35. Bxe6 1-0

[Event "Titled Tuesday intern op 25th Mar Early"]
[Site "Chess.com INT"]
[Date "2025.03.25"]
[Round "3"]
[White "Chitlange, Sakshi"]
[Black "Arun, Siddharth"]
[Result "0-1"]
[WhiteElo "2211"]
[BlackElo "1993"]
[PlyCount "32"]
[EventDate "2025.03.25"]
[EventType "swiss (blitz)"]
[EventRounds "11"]
[EventCountry "USA"]
[SourceTitle "CB14_2025"]
[SourceDate "2024.11.01"]
[SourceVersion "1"]
[SourceVersionDate "2024.11.01"]
[SourceQuality "1"]

1. d4 Nf6 2. Nf3 c5 3. d5 e6 4. c4 exd5 5. cxd5 d6 6. Nc3 g6 7. e4 Bg7 8. Bd3 0-0 9. h3 b5 10. Nxb5 Re8 11. Nc3 Nxe4 12. Bxe4 Bxc3+ 13. bxc3 Rxe4+ 14. Be3 Ba6 15. Nd2 Rxe3+ 16. fxe3 Qh4+ 0-1

[Event "Titled Tuesday intern op 25th Mar Early"]
[Site "Chess.com INT"]
[Date "2025.03.25"]
[Round "4"]
[White "Olhovik, Andrei"]
[Black "Arun, Siddharth"]
[Result "0-1"]
[WhiteElo "2282"]
[BlackElo "1993"]
[PlyCount "78"]
[EventDate "2025.03.25"]
[EventType "swiss (blitz)"]
[EventRounds "11"]
[EventCountry "USA"]
[SourceTitle "CB14_2025"]
[SourceDate "2024.11.01"]
[SourceVersion "1"]
[SourceVersionDate "2024.11.01"]
[SourceQuality "1"]

1. d4 Nf6 2. c4 c5 3. d5 e6 4. Nc3 exd5 5. cxd5 d6 6. e4 g6 7. h3 Bg7 8. Nf3 0-0 9. Be3 Na6 10. Bd3 Nc7 11. a4 Rb8 12. 0-0 a6 13. Rb1 b5 14. axb5 axb5 15. b4 c4 16. Bc2 Re8 17. Nd4 Bd7 18. Re1 Kh8 19. Bf4 Qe7 20. Qd2 Nh5 21. Bg5 Qe5 22. Be3 f5 23. f4 Qe7 24. exf5 Qf6 25. Bf2 gxf5 26. Rxe8+ Bxe8 27. Re1 Bf7 28. Nc6 Qxc3 29. Qxc3 Bxc3 30. Re7 Nxd5 31. Rxf7 Re8 32. Bxf5 Ng7 33. Bd7 Ra8 34. Nd4 Nxb4 35. f5 Nd3 36. f6 Nxf2 37. fxg7+ Kg8 38. Be6 Nxh3+ 39. Kh2 Ng5 0-1

[Event "Titled Tuesday intern op 14th Jan Early"]
[Site "Chess.com INT"]
[Date "2025.01.14"]
[Round "3"]
[White "Arun, Siddharth"]
[Black "Baqer, Hamed Khlaf"]
[Result "1-0"]
[WhiteElo "1993"]
[BlackElo "2003"]
[PlyCount "73"]
[EventDate "2025.01.14"]
[EventType "swiss (blitz)"]
[EventRounds "11"]
[EventCountry "USA"]
[SourceTitle "CB04_2025"]
[SourceDate "2025.01.22"]
[SourceVersion "1"]
[SourceVersionDate "2025.01.22"]
[SourceQuality "1"]

1. Nf3 d5 2. b3 Nf6 3. Bb2 e6 4. e3 c6 5. c4 Nbd7 6. Be2 Be7 7. d3 0-0 8. Nbd2 b6 9. 0-0 Bb7 10. d4 c5 11. Rc1 Ne4 12. Nxe4 dxe4 13. Nd2 f5 14. f3 Bg5 15. f4 Bf6 16. Qc2 Qe7 17. g4 fxg4 18. Bxg4 g6 19. Nxe4 Bg7 20. Bf3 cxd4 21. exd4 Rxf4 22. Bg2 Raf8 23. Rxf4 Rxf4 24. Re1 Qh4 25. Qe2 Rg4 26. Ng3 Nf8 27. Bxb7 Bxd4+ 28. Bxd4 Rxd4 29. Bg2 Qf4 30. Qe3 Qf6 31. Ne4 Qe5 32. Ng5 Qc5 33. Nxe6 Re4 34. Nxc5 Rxe3 35. Rxe3 bxc5 36. Bd5+ Kg7 37. Re7+ 1-0

[Event "Titled Tuesday intern op 06th Aug Late"]
[Site "Chess.com INT"]
[Date "2024.08.06"]
[Round "6"]
[White "Arun, Siddharth"]
[Black "Mizzi, Jack"]
[Result "0-1"]
[WhiteElo "2011"]
[BlackElo "1960"]
[PlyCount "72"]
[EventDate "2024.08.06"]
[EventType "swiss (blitz)"]
[EventRounds "11"]
[EventCountry "USA"]
[SourceTitle "EXT 2025"]
[Source "ChessBase"]
[SourceDate "2024.10.14"]
[SourceVersion "1"]
[SourceVersionDate "2024.10.14"]
[SourceQuality "1"]

1. d4 d5 2. Nc3 e6 3. Bf4 Bb4 4. Qd3 Nf6 5. a3 Be7 6. f3 c5 7. e4 dxe4 8. Nxe4 cxd4 9. 0-0-0 Nc6 10. g4 Nd5 11. Bg3 Qa5 12. Ne2 e5 13. Be1 Qb6 14. f4 Bxg4 15. fxe5 Nxe5 16. Qxd4 Qxd4 17. Rxd4 0-0-0 18. Bg3 Nc6 19. Rd2 f5 20. Rxd5 Rxd5 21. N4c3 Bg5+ 22. Kb1 Bf3 23. Rg1 Be3 24. Nxd5 Bxd5 25. Bg2 Bxg1 26. Bxd5 Bb6 27. Be6+ Kd8 28. Bxf5 Bc7 29. Bh4+ Ke8 30. Nc3 Kf7 31. h3 g6 32. Be4 Re8 33. Bd5+ Kg7 34. Ne4 Be5 35. Ng5 Bf6 36. Ne6+ Rxe6 0-1

[Event "Titled Tuesday intern op 06th Aug Late"]
[Site "Chess.com INT"]
[Date "2024.08.06"]
[Round "4"]
[White "Baches Garcia, Guillermo"]
[Black "Arun, Siddharth"]
[Result "1-0"]
[WhiteElo "2322"]
[BlackElo "2011"]
[PlyCount "57"]
[EventDate "2024.08.06"]
[EventType "swiss (blitz)"]
[EventRounds "11"]
[EventCountry "USA"]
[SourceTitle "EXT 2025"]
[Source "ChessBase"]
[SourceDate "2024.10.14"]
[SourceVersion "1"]
[SourceVersionDate "2024.10.14"]
[SourceQuality "1"]

1. d4 d5 2. c4 e6 3. Nc3 c6 4. Qc2 f5 5. e3 Nf6 6. Bd3 Bd6 7. Nge2 0-0 8. f3 Nbd7 9. Bd2 b6 10. cxd5 cxd5 11. Nb5 Bb8 12. Bb4 Re8 13. Rc1 Ba6 14. Qa4 Bxb5 15. Bxb5 e5 16. Bc6 exd4 17. Nxd4 Rxe3+ 18. Kf2 Bf4 19. Bxa8 Ne5 20. Rc3 Nfg4+ 21. Kf1 Nd3 22. Bxd5+ Qxd5 23. Rxd3 Ne5 24. Qb3 Nc4 25. Rxe3 Bxe3 26. Ne2 a5 27. Be1 b5 28. Qc2 Bc5 29. Bf2 1-0

[Event "Titled Tuesday intern op 16th Jul Late"]
[Site "Chess.com INT"]
[Date "2024.07.16"]
[Round "6"]
[White "Arun, Siddharth"]
[Black "Amaya, Brayan Angel"]
[Result "0-1"]
[WhiteElo "2011"]
[BlackElo "1881"]
[PlyCount "84"]
[EventDate "2024.07.16"]
[EventType "swiss (blitz)"]
[EventRounds "11"]
[EventCountry "USA"]
[SourceTitle "EXT 2025"]
[Source "ChessBase"]
[SourceDate "2024.10.14"]
[SourceVersion "1"]
[SourceVersionDate "2024.10.14"]
[SourceQuality "1"]

1. d4 Nf6 2. Nc3 d5 3. Bf4 a6 4. e3 c5 5. dxc5 Nc6 6. a3 e5 7. Bg5 d4 8. Bxf6 gxf6 9. exd4 exd4 10. Ne4 f5 11. Nd6+ Bxd6 12. cxd6 Qxd6 13. Bd3 Be6 14. Qh5 0-0-0 15. Ne2 Kb8 16. 0-0-0 Qd5 17. b3 Qxg2 18. Rhf1 Qd5 19. Nf4 Qd6 20. Nxe6 Qxa3+ 21. Kd2 fxe6 22. Qf7 Qb4+ 23. Ke2 Rhf8 24. Qxh7 Qd6 25. Qh4 Rh8 26. Qg3 Rxh2 27. Qxd6+ Rxd6 28. Rg1 Rh7 29. Rg8+ Kc7 30. Rdg1 Re7 31. R1g6 Ne5 32. Rf6 Nd7 33. Rh6 Rf7 34. Rgg6 Nf8 35. Rg8 e5 36. Rhh8 Nd7 37. Bc4 Re7 38. Rc8+ Kb6 39. Rhd8 Rc6 40. Ra8 Rc7 41. Rh8 Rc6 42. Rh6 Rxh6 0-1

[Event "Titled Tuesday intern op 16th Jul Late"]
[Site "Chess.com INT"]
[Date "2024.07.16"]
[Round "2"]
[White "Arun, Siddharth"]
[Black "Aslanov, Umid Fuad"]
[Result "1-0"]
[WhiteElo "2011"]
[BlackElo "2216"]
[PlyCount "129"]
[EventDate "2024.07.16"]
[EventType "swiss (blitz)"]
[EventRounds "11"]
[EventCountry "USA"]
[SourceTitle "EXT 2025"]
[Source "ChessBase"]
[SourceDate "2024.10.14"]
[SourceVersion "1"]
[SourceVersionDate "2024.10.14"]
[SourceQuality "1"]

1. d4 d5 2. Nc3 Nf6 3. Bf4 c5 4. e4 Nxe4 5. Nxe4 dxe4 6. dxc5 Qxd1+ 7. Rxd1 Nc6 8. Bc4 f6 9. Ne2 e5 10. Be3 Bg4 11. h3 Bxe2 12. Kxe2 Rd8 13. c3 Be7 14. g4 h5 15. Rhg1 hxg4 16. hxg4 g6 17. Rh1 Rxh1 18. Rxh1 Kd7 19. Rh6 g5 20. b4 a6 21. Rh7 Kc8 22. a4 Kb8 23. b5 axb5 24. axb5 Na5 25. Be6 Bf8 26. c4 Nb3 27. Bd5 Bxc5 28. Rxb7+ Kc8 29. Bxc5 Nxc5 30. Rf7 Nd3 31. Rxf6 Nf4+ 32. Ke3 Nxd5+ 33. cxd5 Rxd5 34. Kxe4 Rxb5 35. Re6 Rb4+ 36. Kf5 Rf4+ 37. Kxg5 Rxf2 38. Rxe5 Kd7 39. Rf5 Rh2 40. Kg6 Ke7 41. g5 Rg2 42. Kg7 Ke6 43. Rf6+ Ke5 44. g6 Rh2 45. Rf7 Ke6 46. Kg8 Rg2 47. g7 Rh2 48. Rf4 Ke7 49. Re4+ Kf6 50. Kf8 Ra2 51. g8Q Ra8+ 52. Re8 Rxe8+ 53. Kxe8 Kf5 54. Qf7+ Ke5 55. Qe7+ Kd5 56. Kd7 Kc4 57. Qg5 Kb4 58. Kc6 Ka4 59. Qc5 Kb3 60. Qd4 Ka2 61. Qb4 Ka1 62. Kc5 Ka2 63. Kc4 Ka1 64. Kc3 Ka2 65. Qb2# 1-0

[Event "Titled Tuesday intern op 16th Jul Late"]
[Site "Chess.com INT"]
[Date "2024.07.16"]
[Round "3"]
[White "Arun, Siddharth"]
[Black "Kourkoulos Arditis, Stamatis"]
[Result "0-1"]
[WhiteElo "2011"]
[BlackElo "2574"]
[PlyCount "72"]
[EventDate "2024.07.16"]
[EventType "swiss (blitz)"]
[EventRounds "11"]
[EventCountry "USA"]
[SourceTitle "EXT 2025"]
[Source "ChessBase"]
[SourceDate "2024.10.14"]
[SourceVersion "1"]
[SourceVersionDate "2024.10.14"]
[SourceQuality "1"]

1. d4 Nf6 2. Nc3 d5 3. Bf4 Bd7 4. f3 e6 5. g4 c5 6. e3 Bc6 7. h4 Bd6 8. Nh3 h5 9. g5 Ng8 10. Bxd6 Qxd6 11. Nf4 Ne7 12. Qd2 Nd7 13. Bh3 g6 14. 0-0-0 0-0-0 15. dxc5 Nxc5 16. e4 d4 17. Nce2 Kb8 18. Nxd4 Qc7 19. Qc3 Ba4 20. Nfe2 Rd6 21. Nc6+ Rxc6 22. Qxh8+ Nc8 23. Nc3 b5 24. Qd8 Qb7 25. Rh2 b4 26. Nxa4 Nxa4 27. Rhd2 b3 28. axb3 Qxb3 29. Qd4 Qa2 30. Qb4+ Rb6 31. Qa3 Nc3 32. Qxa2 Nxa2+ 33. Kb1 Nc3+ 34. Kc1 Nxd1 35. Rxd1 Kc7 36. f4 Nd6 0-1

[Event "Titled Tuesday intern op 14th May Early"]
[Site "Chess.com INT"]
[Date "2024.05.14"]
[Round "2"]
[White "Arun, Siddharth"]
[Black "Jovic, Stanoje"]
[Result "0-1"]
[WhiteElo "2009"]
[BlackElo "2097"]
[PlyCount "44"]
[EventDate "2024.05.14"]
[EventType "swiss (blitz)"]
[EventRounds "11"]
[EventCountry "USA"]
[SourceTitle "EXT 2025"]
[Source "ChessBase"]
[SourceDate "2024.10.14"]
[SourceVersion "1"]
[SourceVersionDate "2024.10.14"]
[SourceQuality "1"]

1. d4 Nf6 2. Nc3 e6 3. Bf4 d5 4. Nb5 Bd6 5. Nxd6+ cxd6 6. e3 Nc6 7. Nf3 0-0 8. h3 Re8 9. Bh2 e5 10. Be2 Qb6 11. Rb1 Bf5 12. Nh4 Be6 13. c3 h6 14. 0-0 g5 15. Nf3 Bf5 16. Bd3 Bxd3 17. Qxd3 e4 18. Qc2 exf3 19. Bxd6 fxg2 20. Kxg2 Nxd4 21. exd4 Qxd6 22. Qf5 Qe6 0-1

[Event "Titled Tuesday intern op 14th May Early"]
[Site "Chess.com INT"]
[Date "2024.05.14"]
[Round "6"]
[White "Novik, Maxim"]
[Black "Arun, Siddharth"]
[Result "1-0"]
[WhiteElo "2404"]
[BlackElo "2009"]
[PlyCount "75"]
[EventDate "2024.05.14"]
[EventType "swiss (blitz)"]
[EventRounds "11"]
[EventCountry "USA"]
[SourceTitle "EXT 2025"]
[Source "ChessBase"]
[SourceDate "2024.10.14"]
[SourceVersion "1"]
[SourceVersionDate "2024.10.14"]
[SourceQuality "1"]

1. e4 c6 2. d4 d5 3. e5 c5 4. dxc5 e6 5. c3 Bxc5 6. Qg4 Ne7 7. b4 Bb6 8. Qxg7 Rg8 9. Qxh7 d4 10. Nf3 Nbc6 11. Bg5 dxc3 12. Qxg8+ Nxg8 13. Bxd8 Bxd8 14. Nxc3 Nxb4 15. Bb5+ Kf8 16. 0-0-0 Be7 17. Kb2 a6 18. Bd7 Bxd7 19. Rxd7 b5 20. Rhd1 Rc8 21. h4 Nh6 22. g3 a5 23. R1d2 Rc5 24. Ne4 Rc4 25. Nf6 a4 26. a3 Nc6 27. Rb7 b4 28. axb4 Bxb4 29. Rc2 a3+ 30. Kb1 Rxc2 31. Kxc2 a2 32. Kb2 Bc5 33. Kxa2 Bxf2 34. g4 Bg3 35. h5 Kg7 36. g5 Nxe5 37. Ne8+ Kh7 38. Nxe5 1-0